О рациональной длине горизонтального ствола скважин; Нефтегазовому образованию в Сибири - 50 лет

Dades bibliogràfiques
Parent link:Нефтегазовому образованию в Сибири - 50 лет.— 2002.— С. 288-289.
Autor principal: Рязанов В. И.
Idioma:rus
Publicat: 2002
Matèries:
Format: Capítol de llibre
KOHA link:https://koha.lib.tpu.ru/cgi-bin/koha/opac-detail.pl?biblionumber=89217

MARC

LEADER 00000naa2a2200000 4500
001 89217
005 20231031102947.0
035 |a (RuTPU)RU\TPU\book\95712 
090 |a 89217 
100 |a 20060117d2002 k y0rusy50 ca 
101 0 |a rus 
102 |a RU 
200 1 |a О рациональной длине горизонтального ствола скважин  |f В. И. Рязанов 
463 0 |0 (RuTPU)RU\TPU\book\44358  |y 5-7137-0188-3  |t Нефтегазовому образованию в Сибири - 50 лет  |o Материалы Международной конференции, посвященной 50-летию кафедры геологии и разработки нефтяных месторождений (горючих ископаемых), Томск, 3-7 сентября 2002 г.  |f Томский политехнический университет; Институт геологии и нефтегазового дела. Нефтегазовый факультет.  |v С. 288-289.  |d 2002  |p 363 с. 
610 1 |a скважины 
610 1 |a горизонтальные скважины 
610 1 |a коэффициент отдачи пласта 
610 1 |a бурение 
610 1 |a труды учёных ТПУ 
700 1 |a Рязанов  |b В. И. 
801 1 |a RU  |b 63413507  |c 20060117  |g PSBO 
801 2 |a RU  |b 63413507  |c 20081124  |g PSBO 
942 |c BK